|
|
|
|
| LEADER |
01056nam a2200277 u 4500 |
| 001 |
10033925 |
| 003 |
upatras |
| 005 |
20210611184849.0 |
| 008 |
000321s1997 us a eng |
| 020 |
|
|
|a 0791434486
|
| 040 |
|
|
|a GR-PaULI
|c GR-PaULI
|
| 041 |
0 |
|
|a eng
|
| 082 |
0 |
4 |
|a 179.9
|
| 245 |
1 |
0 |
|a Philosophy, religion, and the question of intolerance
|c Mehdi Amin Razavi and David Ambuel, editors
|
| 260 |
|
|
|a Albany
|b State University of New York Press
|c 1997
|
| 300 |
|
|
|a xvii, 284 p.
|c 23 cm.
|
| 504 |
|
|
|a Includes bibliographical references and index
|
| 650 |
|
4 |
|a Αρετές
|x Ηθική
|9 3761
|
| 650 |
|
4 |
|9 164
|a Ηθική
|
| 700 |
1 |
|
|a Amin Razavi, Mehdi
|4 edt
|9 3762
|
| 700 |
1 |
|
|a Ambuel, David
|4 edt
|9 3763
|
| 852 |
|
|
|a GR-PaULI
|b ΠΑΤΡΑ
|b ΒΚΠ
|b ΒΣ1
|k ΑΣΧΞ
|h 179.9 A
|m 060546
|p 025000081424
|t 1
|
| 942 |
|
|
|2 ddc
|c BK15
|
| 952 |
|
|
|0 0
|1 0
|4 0
|6 179_900000000000000_A
|7 0
|9 2916
|a LISP
|b LISP
|c BSC
|d 2016-04-24
|i 060546
|l 0
|o 179.9 A
|p 025000081424
|r 2016-04-24 00:00:00
|t 1
|w 2016-04-24
|y BK15
|
| 998 |
|
|
|c ΔΡΑΚΟΠΟΥΛΟΥ
|d 2000-04
|
| 999 |
|
|
|c 1558
|d 1558
|